[Event "Open de Provence 2015 B"]
[Site "Salon de Provence"]
[Date "2015.07.04"]
[Round "9.16"]
[White "Borrini, Rodrigue"]
[Black "Salvi, Angele"]
[Result "1-0"]
[WhiteElo "1110"]
[BlackElo "1064"]
[PlyCount "81"]
[EventDate "2015.??.??"]

1. e4 c5 2. Nf3 d6 3. c3 a6 4. d4 cxd4 5. cxd4 Nf6 6. Nc3 Bd7 7. h3 Nc6 8. Bc4
e6 9. Bg5 Be7 10. e5 Nd5 11. Bxe7 Qxe7 12. Nxd5 exd5 13. Bxd5 O-O 14. Qe2 Nxd4
15. Nxd4 Qxe5 16. Qxe5 dxe5 17. Nb3 Rab8 18. O-O Kh8 19. Nc5 Bb5 20. Rfd1 b6
21. Nd3 f6 22. a4 Bd7 23. Bc4 b5 24. axb5 axb5 25. Bb3 Rbc8 26. Nxe5 Be8 27.
Nd7 Bxd7 28. Rxd7 h6 29. Rf7 Rfe8 30. Rd1 Kh7 31. Ba2 h5 32. Rb7 Re2 33. Rxb5
Rec2 34. Bb1 Kh6 35. Bxc2 Rxc2 36. Rb1 g5 37. b4 Kg6 38. Rb8 Rc4 39. b5 g4 40.
hxg4 Rxg4 41. b6 1-0